000 00702cam a2200229 a 4500
001 4014670
005 20180309075458.0
008 970131s1997 enk b 000 0 eng
010 _a 97003800
020 _a0340596627
040 _aDLC
_cDLC
_dDLC
041 _aeng
080 _a305.4201 AND
082 0 0 _a305.4201 AND
_221
100 1 _a50
101 _aSOC
245 1 2 _aA glossary of feminist theory /
_cSonya Andermahr, Terry Lovell, Carol Wolkowitz.
504 _aIncludes bibliographical references (p. [295]-351).
906 _a7
_bcbc
_corignew
_d1
_eocip
_f19
_gy-gencatlg
942 _2ddc
_cBK
999 _c44602
_d44602